Repertorio alfabético de la toponimia de la región de Murcia / (Record n. 6174)
[ formato base ]
| 000 -LEADER | |
|---|---|
| fixed length control field | 01090nam a2200265 i 4500 |
| 003 - CONTROL NUMBER IDENTIFIER | |
| control field | IT-RoINE |
| 005 - DATE AND TIME OF LATEST TRANSACTION | |
| control field | 20141023144739.0 |
| 008 - FIXED-LENGTH DATA ELEMENTS--GENERAL INFORMATION | |
| fixed length control field | 991022s1999 sp r 1 spa d |
| 020 ## - INTERNATIONAL STANDARD BOOK NUMBER | |
| International Standard Book Number | 8488551533 |
| 040 ## - CATALOGING SOURCE | |
| Original cataloging agency | SpMaBN |
| Transcribing agency | IT-RoINE |
| Modifying agency | IT-RoINE |
| 100 1# - MAIN ENTRY--PERSONAL NAME | |
| Personal name | González Blanco, Antonino, |
| Dates associated with a name | 1936- |
| 9 (RLIN) | 13346 |
| 245 10 - TITLE STATEMENT | |
| Title | Repertorio alfabético de la toponimia de la región de Murcia / |
| Statement of responsibility, etc | Antonino González Blanco, Inmaculada García García ; con la colaboración de Antonio Guerrero Fuster ... [et al.] ; tratamiento informático, Isidro Verdú Conesa. |
| 260 ## - PUBLICATION, DISTRIBUTION, ETC. (IMPRINT) | |
| Place of publication, distribution, etc | Murcia : |
| Name of publisher, distributor, etc | KR, |
| Date of publication, distribution, etc | 1998. |
| 300 ## - PHYSICAL DESCRIPTION | |
| Extent | 658 p. ; |
| Dimensions | 24 cm. |
| 336 ## - CONTENT TYPE | |
| Source | rdacontent |
| Content type term | text |
| 337 ## - MEDIA TYPE | |
| Source | rdamedia |
| Media type term | unmediated |
| 338 ## - CARRIER TYPE | |
| Source | rdacarrier |
| Carrier type term | volume |
| 500 ## - GENERAL NOTE | |
| General note | Incluye índice. |
| 500 ## - GENERAL NOTE | |
| General note | En la port.: Proyecto financiado por la CICYT Ref. PR83-2768. |
| 650 #4 - SUBJECT ADDED ENTRY--TOPICAL TERM | |
| Topical term or geographic name as entry element | Nombres geográficos |
| Geographic subdivision | España |
| -- | Murcia |
| 9 (RLIN) | 13347 |
| 651 #4 - SUBJECT ADDED ENTRY--GEOGRAPHIC NAME | |
| Geographic name | Murcia (España : Comunidad Autónoma) |
| Form subdivision | Repertorios geográficos |
| 9 (RLIN) | 13348 |
| 700 1# - ADDED ENTRY--PERSONAL NAME | |
| Personal name | García García, Inmaculada |
| 9 (RLIN) | 13349 |
| 700 1# - ADDED ENTRY--PERSONAL NAME | |
| Personal name | Guerrero Fuster, Antonio |
| 9 (RLIN) | 13350 |
| 942 ## - ADDED ENTRY ELEMENTS (KOHA) | |
| Item type | Monografías |
| Withdrawn status | Lost status | Damaged status | Not for loan | Home library | Current library | Date acquired | Total Checkouts | Full call number | Barcode | Date last seen | Price effective from | Koha item type |
|---|---|---|---|---|---|---|---|---|---|---|---|---|
| Iglesia Nacional Española en Roma | Iglesia Nacional Española en Roma | 23/10/2014 | HIS.ESP.0. 520 | 7598 | 23/10/2014 | 23/10/2014 | Monografías |